000 00272nam a22001097a 4500
999 _c65382
_d65379
082 _a297.28
100 _aمولانا محمد منظور نعمانی
245 _aمعارف الحدیث جلداول
260 _aکراچی
_c۱۹۸۲
300 _a۳۴۰
942 _cBK